000 015640000a22002290004500
020 _a958-692-783-0
082 0 4 _aG 370.1 V2972f
100 1 _aVargas Guillén, Germán
245 1 0 _aFilosofía, pedagogía, tecnología : investigaciones de epistemología de la pedagogía y la filosofía de la educación / Germán Vargas Guillén
250 _a3
260 _aBogotá : San Pablo
300 _a303 p.
440 0 _aCol. Textos de Filosofía / Germán Vargas Gullén
501 _arústico
505 0 0 _aKant y la pedagogía -- De la objetividad a la objetivación -- De la tensión entre el investigador al método -- Interdisciplinariedad e investigación cualitativa en la educación -- Formación y subjetividad: epistemología, lenguaje y pedagogía -- La pedagogía ante la tecnología como estructura del mundo de la vida -- Alcances y limitaciones de la inteligencia artificial en pedagogía -- A propósito de la informática en el mundo de la pedagogía y de la educación -- la representación del conocimiento y la inteligencia artificial -- La "lógica de las ciencias" como "didáctica": ¿Un "bastión de modernidad"? -- La educación del futuro como futuro de la educación -- De la epistemología de la pedagogía a la filosofía de la educación.
650 1 4 _aPEDAGOGIA \ FILOSOFIA \ TECNOLOGIA \ EDUCACION - INVESTIGACIONES \ INVESTIGACION CIENTIFICA \ FILOSOFIA DE LA EDUCACION
001 18097
942 _cBK
999 _c44585
_d44585
336 _atexto
_btxt
_2rdacontent
337 _2rdamedia
_asin mediación
_bn
338 _2rdacarrier
_avolumen
_bnc